'S' African Countries Quiz Stats

 Plays Quiz Updated Jul 2, 2018

Also try: 'A' Countries
Challenge
Share
Tweet
Embed
Score 0/8 Timer 02:00
4 Plays Today
Country % Correct
Sudan
94.7%
South Africa
93.6%
South Sudan
88.9%
Somalia
85.5%
Senegal
82.2%
Seychelles
68.5%
Sierra Leone
68.4%
São Tomé and Príncipe
57.8%

You're not logged in!

Compare scores with friends on all Sporcle quizzes.
Join for Free
OR
Log In

You Might Also Like...

Show Comments

Extras

Top Quizzes Today


Score Distribution

Your Account Isn't Verified!

In order to create a playlist on Sporcle, you need to verify the email address you used during registration. Go to your Sporcle Settings to finish the process.

Report this User

Report this user for behavior that violates our Community Guidelines.

Details: